000 01007nam a2200313Ia 4500
003 OSt
005 20221007123111.0
006 a|||||r|||| 00| 0
007 ta
008 221006b |||||||| |||| 00| 0 eng d
020 _a9783319514567 (pbk)
024 _a200570
037 _b930, 08/02/2019, Satyam Books Pvt. Ltd.
_cTextual
040 _aPAPL
_cPAPL
_beng
041 _2eng
_aeng
082 _aCN1, Q7 Carpa
100 _aNaaijkens Pieter
_9716442
245 0 _aQuantum spin systems on infinite lattices: Aconcise introduction
260 _aSwitzerland
_bSpringer
_c2017
300 _axi, 177p. ill.
_ccm.
490 _aLecture notes in physics 933
500 _aIndex 173-177p.
650 _a Infinite systems
_9716443
650 _a Local quantum physics
_9716444
650 _a Operator algebras
_9716445
650 _aPhysics
942 _hCN1, Q7 Carpa
_cTEXL
_2CC
999 _c1211374
_d1211374